| 000 | 00521nam a2200169Ia 4500 | ||
|---|---|---|---|
| 999 |
_c21233 _d21233 |
||
| 003 | OSt | ||
| 005 | 20200602113106.0 | ||
| 008 | 190216s9999||||xx |||||||||||||| ||und|| | ||
| 020 | _a9788189886035 | ||
| 040 | _coclc | ||
| 082 |
_a331.483 _bKUM/E |
||
| 100 |
_aKumari, Lakkineni Ratna _92479 |
||
| 245 | 0 |
_aEconomic Discrimination Against Women / _c Lakkineni Ratna Kumari |
|
| 260 |
_bAbhijeet Publications, _c2007. _aDelhi: |
||
| 300 | _a208p | ||
| 942 |
_cBK _2ddc _h331.483 _iKUM/E _k331.483 _mKUM/E |
||